Income Tax Act, 2015 (ACT 896) (Record no. 1341)
[ view plain ]
| 000 -LEADER | |
|---|---|
| fixed length control field | 00446nam a22001337a 4500 |
| 005 - DATE AND TIME OF LATEST TRANSACTION | |
| control field | 20241119142608.0 |
| 008 - FIXED-LENGTH DATA ELEMENTS--GENERAL INFORMATION | |
| fixed length control field | 241119b |||||||| |||| 00| 0 eng d |
| 110 ## - MAIN ENTRY--CORPORATE NAME | |
| Corporate name or jurisdiction name as entry element | Republic of Ghana |
| 245 ## - TITLE STATEMENT | |
| Title | Income Tax Act, 2015 (ACT 896) |
| Remainder of title | With Amendments (ACT 902, 907, 924, 941, 956, 973, 979) |
| 260 ## - PUBLICATION, DISTRIBUTION, ETC. | |
| Place of publication, distribution, etc. | Accra, Ghana |
| Name of publisher, distributor, etc. | Ghana Publishing Company Ltd. (Assembly Press) |
| Date of publication, distribution, etc. | 2018 |
| 300 ## - PHYSICAL DESCRIPTION | |
| Extent | 181 pages |
| Dimensions | 24 cm |
| 650 ## - SUBJECT ADDED ENTRY--TOPICAL TERM | |
| Source of heading or term | Income Tax |
| 942 ## - ADDED ENTRY ELEMENTS (KOHA) | |
| Source of classification or shelving scheme | Library of Congress Classification |
| Koha item type | Books |
| Suppress in OPAC | No |
| 999 ## - | |
| -- | 1341 |
| -- | 1341 |
| Withdrawn status | Lost status | Source of classification or shelving scheme | Damaged status | Not for loan | Collection | Home library | Current library | Shelving location | Date acquired | Total checkouts | Full call number | Barcode | Date last seen | Copy number | Price effective from | Koha item type |
|---|---|---|---|---|---|---|---|---|---|---|---|---|---|---|---|---|
| Library of Congress Classification | Non-fiction | Law Library (Christ Temple) | Law Library (Christ Temple) | Reference | 05/26/2025 | KRX2832.A32015.G4 | LLCT00000693 | 05/26/2025 | 1 | 05/26/2025 | Books | |||||
| Library of Congress Classification | Non-fiction | Law Library (Christ Temple) | Law Library (Christ Temple) | Reference | 05/26/2025 | KRX2832.A32015.G4 | LLCT00000694 | 05/26/2025 | 2 | 05/26/2025 | Books | |||||
| Library of Congress Classification | Non-fiction | Law Library (Miotso) | Law Library (Miotso) | Reference | 11/19/2024 | KRX2832.A32015.G4 | LLM00000906 | 11/19/2024 | 1 | 11/19/2024 | Books | |||||
| Library of Congress Classification | Non-fiction | Law Library (Miotso) | Law Library (Miotso) | Reference | 11/19/2024 | KRX2832.A32015.G4 | LLM00000905 | 11/19/2024 | 2 | 11/19/2024 | Books | |||||
| Library of Congress Classification | Non-fiction | Law Library (Miotso) | Law Library (Miotso) | Reference | 11/19/2024 | KRX2832.A32015.G4 | LLM00000904 | 11/19/2024 | 3 | 11/19/2024 | Books | |||||
| Library of Congress Classification | Non-fiction | Law Library (Miotso) | Law Library (Miotso) | Reference | 11/19/2024 | KRX2832.A32015.G4 | LLM00000903 | 11/19/2024 | 4 | 11/19/2024 | Books |